Project Management: (Record no. 594260)

000 -LEADER
fixed length control field 00410nam a22001457a 4500
020 ## - INTERNATIONAL STANDARD BOOK NUMBER
International Standard Book Number 9781260570434
082 ## - DEWEY DECIMAL CLASSIFICATION NUMBER
Classification number 658.404
Author Mark LAR
100 ## - MAIN ENTRY--PERSONAL NAME
Personal name Larson, Erik W.
245 ## - TITLE STATEMENT
Title Project Management:
Remainder of title the managerial process /
Statement of responsibility, etc. Erik W. Larson and Clifford F. Gray
250 ## - EDITION STATEMENT
Edition statement 8th Edition.
260 ## - PUBLICATION, DISTRIBUTION, ETC.
Place of publication, distribution, etc. New York :
Name of publisher, distributor, etc. McGraw-Hill,
Date of publication, distribution, etc. 2021.
300 ## - PHYSICAL DESCRIPTION
Extent 682 p. ;
Dimensions 25 cm.
563 ## - BINDING INFORMATION
Binding note PBK.
942 ## - ADDED ENTRY ELEMENTS (KOHA)
Source of classification or shelving scheme
Koha item type Book
Holdings
Withdrawn status Lost status Source of classification or shelving scheme Damaged status Not for loan Permanent Location Current Location Shelving location Date acquired Source of acquisition Total Checkouts Full call number Barcode Date last seen Price effective from Koha item type Non-public note
          Central Library (CL) Central Library (CL) Project Management 03/24/2023 Allied Book Company   658.404 LAR CL-1405 03/24/2023 03/24/2023 Book  
          US-Pakistan Center for Advanced Studies in Energy (USPCAS-E) US-Pakistan Center for Advanced Studies in Energy (USPCAS-E)   04/08/2026     658.404 LAR 2021 CAS-E0005752 04/08/2026 04/08/2026 Book Photocopy
          US-Pakistan Center for Advanced Studies in Energy (USPCAS-E) US-Pakistan Center for Advanced Studies in Energy (USPCAS-E)   04/08/2026     658.404 LAR 2021 CAS-E0005753 04/08/2026 04/08/2026 Book Photocopy
© 2023 Central Library, National University of Sciences and Technology. All Rights Reserved.